| 000 | 00964cam a2200217 4500 | ||
|---|---|---|---|
| 001 | WB3933-10 | ||
| 008 | 030903n2003 000 0 eng u | ||
| 035 | _a(Sirsi) u123483 | ||
| 245 | _aProposals for Commonhold Regulations Consultation | ||
| 260 | _c2003 | ||
| 490 |
_aRICS Westminster News _v 1 September 2003 (1) |
||
| 520 | _aDepartment for Constitutional Affairs has published an analysis of responses for the consultation Proposals for Commonhold Regulations. http://www.rics.org/ricscms/bin/show?class=Brief&template=/includes/showbrief.html&id=520&faculty=RICS. Analysis of responses http://www.lcd.gov.uk/consult/common/comholdresp.htm. For more information contact David Melhuish t +44 (0)20 7695 1535 or e [email protected]. | ||
| 590 | _aWB | ||
| 650 | _aCONSULTATION PROCESS | ||
| 650 | _aDEPARTMENT FOR CONSTITUTIONAL AFFAIRS | ||
| 650 | _aPOLICY | ||
| 650 | _aANALYSIS | ||
| 650 | _aCOMMONHOLD | ||
| 690 | _aPROPERTY | ||
| 942 | _n0 | ||
| 999 |
_c73342 _d73342 |
||